Amsterdam Trivia - Statistiken

Allgemein
  • Dieses Quiz wurde 4.344 mal gespielt
  • Das Durchschnittsergebnis liegt bei 12 aus 20
Antwortstatistiken
Hinweis Antwort % Korrekt
Junges Mädchen, das ein Tagebuch in ihrem Amsterdamer Hinterhaus schrieb Anne Frank
97%
Meer, zu welchem Amsterdam via Kanal verbunden ist Nordsee
92%
Dieses Fortbewegungsmittel wird für 32% aller Fahrten gebraucht, eine der höchsten Raten weltweit Fahrrad
83%
Gemäss Verfassung ist Amsterdam die Hauptstadt der Niederlande. Welche Stadt ist jedoch Regierungssitz der Niederlande und besitzt viele Botschaften? Den Haag
82%
Amsterdam besitzt mehr als 100 Kilometer von diesen, auch bekannt als "Grachten" Kanäle
77%
Stadt, die 1626 unter dem Namen Nieuw Amsterdam gegründet wurde New York City
76%
Künstler, dessen Werke in Amsterdams berühmtesten Museum ausgestellt werden Vincent van Gogh
76%
Amsterdams erfolgreichster Fußballclub Ajax Amsterdam
74%
Event wovon Amsterdam 1928 Gastgeber war Olymp. Sommerspiele
70%
62.2% der Einwohner Amsterdams haben keine Bindung zu irgendeiner ... Religion
63%
Amsterdams berühmteste Brauerei Heineken
58%
Provinz, zu welcher Amsterdam gehört Nordholland
55%
Spitzname Amsterdams {Venedig} des Nordens
52%
Handel, welcher früher von der Niederländischen Ostindien-Kompanie dominiert wurde {Gewürz}handel
51%
Fluss, nach welchem Amsterdam benannt wurde (Hinweis: auch der Name eines Bieres) Amstel
49%
Was ist "De Wallen"? {Rotlicht}distrikt
49%
Das höchste Gebäude in Amsterdam - benannt nach einem Maler {Rembrandt} Tower
38%
Eines der weltweit ersten dieser Finanzinstitute eröffnete in Amsterdam im Jahre 1612. Börse
35%
Meeresarm, an welchem Amsterdam liegt (Hinweis: zwei Buchstaben lang) das IJ
23%
Nennen Sie eine der beiden größten Städte in der Agglomeration Amsterdam - neben der Stadt Amsterdam selbst Almere oder Haarlem
21%
Keine übereinstimmenden Quizze gefunden
Verteilung der Resultate
Anzahl Personen mit jedem Resultat
Perzentil nach korrekt beantworteten Fragen
Ihre Resultats-Entwicklung
Sie haben dieses Quiz noch nicht gespielt